| 000 | 00539nam a2200205Ia 4500 | ||
|---|---|---|---|
| 005 | 20260429112116.0 | ||
| 008 | 260429s9999||||xx |||||||||||||| ||und|| | ||
| 020 | _a9781032105666 | ||
| 041 | _aEnglish | ||
| 082 |
_a150.72 _bCOO |
||
| 100 | _aCoolican, Hugh | ||
| 245 | 0 |
_aResearch methods and statistics in psychology / _cHugh Coolican |
|
| 250 | _a8th ed. | ||
| 260 |
_aLondon : _bRoutledge, _c2024. |
||
| 300 | _axi, 851 p.; pbk | ||
| 650 | _a Psychology | ||
| 650 | _a Statistics | ||
| 650 | _aResearch methods | ||
| 942 | _cTB | ||
| 999 |
_c52400 _d52400 |
||